002980000a22001090004500090001700000245006000017041001400077100003200091942001300123773003500136999001700171 aASbSeriadas10aHistorica Melastomatacea, nueva en la flora de Colombia0 aEspañol1 aUribe Uribe, Lorenzo996776 cARTICULO1 tCaldasia345h36q3-9d1957g8 c14957d14957